Leadership, factions and panchayati raj: a case study of West Bengal (Record no. 358477)

000 -LEADER
fixed length control field 00608cam a22001697a 4500
008 - FIXED-LENGTH DATA ELEMENTS--GENERAL INFORMATION
fixed length control field 180718b1993 xxu||||| |||| 00| 0 eng d
020 ## - INTERNATIONAL STANDARD BOOK NUMBER
International Standard Book Number 8170331923
082 ## - DEWEY DECIMAL CLASSIFICATION NUMBER
Classification number B73x54 C349
100 ## - MAIN ENTRY--PERSONAL NAME
Personal name Chakrabortty, Krishna
245 ## - TITLE STATEMENT
Title Leadership, factions and panchayati raj: a case study of West Bengal
Statement of responsibility, etc. by Krishna Chakrabortty and Swapan Kumar Bhattacharyya
260 ## - PUBLICATION, DISTRIBUTION, ETC.
Place of publication, distribution, etc. New Delhi
Name of publisher, distributor, etc. Rawat
Date of publication, distribution, etc. 1993
300 ## - PHYSICAL DESCRIPTION
Extent 211p.
650 ## - SUBJECT ADDED ENTRY--TOPICAL TERM
Topical term or geographic name entry element Rural development --India --West bengal.
650 ## - SUBJECT ADDED ENTRY--TOPICAL TERM
Topical term or geographic name entry element Local government --India --West Bengal
650 ## - SUBJECT ADDED ENTRY--TOPICAL TERM
Topical term or geographic name entry element Panchayat --India --West Bengal
700 ## - ADDED ENTRY--PERSONAL NAME
Personal name Bhattacharyya, Swapan Kumar
Holdings
Withdrawn status Lost status Damaged status Not for loan Permanent Location Current Location Date acquired Full call number Barcode Date last seen Price effective from Koha item type
        Indian Institute of Public Administration Indian Institute of Public Administration 1994-01-31 B73x54 C349 67440 2018-07-21 2018-07-21 Book

Powered by Koha